| 000 | 01270nam a2200337 i 4500 | ||
|---|---|---|---|
| 003 | EG-GICUC | ||
| 005 | 20260121101436.0 | ||
| 008 | 251207s1997 ua ||||fr|||| 00| 0 ara d | ||
| 017 | _a1996/9916 | ||
| 020 | _a9771916181 | ||
| 040 |
_a EG-GICUC _bara _c EG-GICUC _d EG-GICUC _erda |
||
| 041 | 0 | _aara | |
| 082 | 0 | 4 |
_221 _a343.431 _bم ح . س |
| 092 | 0 | 4 | _221 |
| 099 | _aLaw1 10 343.431 م ح . س 2 ed - 1997 | ||
| 100 | 0 |
_aمحمود صالح العادلي _eمؤلف. |
|
| 245 | 1 | 2 |
_aالسياسة الجنائية لدرء جرائم العنف الإرهابي : _bدراسة مقارنة / _cالدكتور محمود صالح العادلي. |
| 250 | _aالطبعة الثانية | ||
| 264 | 1 |
_aالقاهرة : _bدار النهضة العربية، _c1997. |
|
| 300 |
_a231 صفحة ؛ _c24 سم. |
||
| 336 |
_2rda content _atext |
||
| 337 |
_2rda media _aComputer |
||
| 338 |
_2rda carrier _aOnline Resource |
||
| 504 | _a. 205-229 ببليوجرافيا: صفحات | ||
| 546 | _aالنص باللغة العربية | ||
| 650 | 1 | 4 | _aالتشريع الخاص بالإرهاب |
| 650 | 1 | 4 | _aالقانون الجنائي |
| 856 | 4 | 0 | _uhttps://fll.law.cu.edu.eg/fulltext/bks/B10-05322.pdf |
| 905 |
_a77 _eHassnaa |
||
| 942 |
_2ddc _cBK _e21 _n0 |
||
| 999 |
_c48800 _d48800 |
||